Benennungen im Rechnungswesen <Eine> terminologische Analyse

Salvato in:
Dettagli Bibliografici
Autore principale: Avikainen, Riitta
Natura: Libro
Lingua:tedesco
Pubblicazione: Helsinki Wirtschaftshochschule 1985
Tags: Aggiungi Tag
Nessun Tag, puoi essere il primo ad aggiungerne!!

MARC

LEADER 00000nam a2200000 4500
001 c110914
005 20181203150318.0
041 0 |a ger 
044 |a FI 
245 1 0 |a Benennungen im Rechnungswesen  |b <Eine> terminologische Analyse  |c Riitta Avikainen 
264 1 |a Helsinki  |b Wirtschaftshochschule  |c 1985 
300 |a 125 s. 
100 1 |a Avikainen, Riitta